000 00727cam a2200193 4500
001 WB3739-36
008 011017n2001 000 0 eng u
035 _a(Sirsi) u115153
245 _aRed Book 'abnormal uncertainty'
260 _c2001
490 _aRICS Valuation Faculty News
_v 12 October 2001, (1)
520 _aThe RICS Valuation Faculty has issued a statement, highlighting members' needs to consider the implications of world events on and following the events of 11 September on valuations they undertake.
590 _aWB
650 _aRICS APPRAISAL AND VALUATION MANUAL
650 _aABNORMAL UNCERTAINTY
650 _aEQUITY MARKETS
690 _aPROPERTY-PROPERTY APPRAISAL AND VALUATION
942 _n0
999 _c68583
_d68583